00285nam a2200109Ia 4500008004100000041000800041082002100049100001600070245003900086260004100125300000900166230411s9999 xx 000 0 und d aeng aA/611/HAN/B07506 aHansen John aNetters Anatomy Companion Workbook bSaunders companyaPhiladelphiac2011 a524p